[Event "Torino Alfieri op-A"]
[Site "Torino"]
[Date "2010.06.03"]
[Round "5"]
[White "Razzano, Lorenzo"]
[Black "Stroppa, Daniel"]
[Result "0-1"]
[WhiteElo "1951"]
[BlackElo "2207"]
[PlyCount "46"]
[EventDate "2010.05.04"]
[EventType "tourn"]
[EventRounds "7"]
[EventCountry "ITA"]
[SourceTitle "EXT 2024"]
[Source "ChessBase"]
[SourceDate "2023.10.10"]
[SourceVersion "1"]
[SourceVersionDate "2023.10.10"]
[SourceQuality "1"]

1. e3 e5 2. c4 d6 3. b4 f5 4. Bb2 Nf6 5. Be2 Be7 6. Nf3 0-0 7. 0-0 Kh8 8. d3 Be6 9. Ng5 Bg8 10. f4 exf4 11. exf4 d5 12. Qe1 dxc4 13. dxc4 Nc6 14. a3 a5 15. b5 Bc5+ 16. Kh1 Nd4 17. Qd1 Nxe2 18. Qxe2 Re8 19. Qc2 h6 20. Nf3 Ne4 21. Ne5 Rxe5 22. Bxe5 Qh4 23. Qd3 Bxc4 0-1

[Event "Torino Alfieri op-A"]
[Site "Torino"]
[Date "2010.05.25"]
[Round "4"]
[White "Stroppa, Daniel"]
[Black "Manni, Stefano"]
[Result "0-1"]
[WhiteElo "2207"]
[BlackElo "1960"]
[PlyCount "54"]
[EventDate "2010.05.04"]
[EventType "tourn"]
[EventRounds "7"]
[EventCountry "ITA"]
[SourceTitle "EXT 2024"]
[Source "ChessBase"]
[SourceDate "2023.10.10"]
[SourceVersion "1"]
[SourceVersionDate "2023.10.10"]
[SourceQuality "1"]

1. d4 d5 2. Nf3 Nf6 3. e3 e6 4. Bd3 c5 5. b3 Nc6 6. Bb2 Bd6 7. 0-0 0-0 8. Nbd2 b6 9. Ne5 Bb7 10. f4 Ne7 11. Qf3 Qc7 12. Qh3 Ne4 13. Ndf3 Nf5 14. g4 Nxe3 15. Rfe1 c4 16. bxc4 Bxe5 17. Nxe5 f6 18. Qxe3 fxe5 19. fxe5 Nf2 20. Ba3 dxc4 21. Bxf8 Rxf8 22. Bxh7+ Kxh7 23. d5 Bxd5 24. Qg3 Rf3 25. Qh4+ Kg8 26. h3 Rxh3 27. Qg5 Qf7 0-1

[Event "Torino Alfieri op-A"]
[Site "Torino"]
[Date "2010.05.13"]
[Round "2"]
[White "Stroppa, Daniel"]
[Black "Quagliana, Giuseppe"]
[Result "0-1"]
[WhiteElo "2207"]
[BlackElo "2029"]
[PlyCount "100"]
[EventDate "2010.05.04"]
[EventType "tourn"]
[EventRounds "7"]
[EventCountry "ITA"]
[SourceTitle "EXT 2024"]
[Source "ChessBase"]
[SourceDate "2023.10.10"]
[SourceVersion "1"]
[SourceVersionDate "2023.10.10"]
[SourceQuality "1"]

1. d4 e6 2. Nf3 Nf6 3. e3 b6 4. Bd3 Bb7 5. 0-0 Be7 6. c4 c5 7. Nc3 0-0 8. d5 exd5 9. cxd5 d6 10. e4 Nbd7 11. Re1 Ng4 12. Bc2 Bf6 13. Nd2 Nxf2 14. Qe2 Bd4 15. Kf1 Ne5 16. Nf3 Nxf3 17. Qxf3 Ba6+ 18. Ne2 Qh4 19. h3 f5 20. e5 dxe5 21. Be3 Ne4 22. Kg1 Bxe2 23. Rxe2 Nd6 24. Rd1 e4 25. Qf1 Bxe3+ 26. Rxe3 f4 27. Rxe4 Nxe4 28. Bxe4 Rae8 29. Qd3 f3 30. Bxf3 Re1+ 31. Rxe1 Qxe1+ 32. Kh2 Qe5+ 33. Kg1 Re8 34. d6 Qe3+ 35. Qxe3 Rxe3 36. d7 Rd3 37. Bc6 Kf8 38. Kf2 Ke7 39. Ke2 Rxd7 40. Bxd7 Kxd7 41. Kd3 b5 42. b3 Kd6 43. Ke4 Ke6 44. a4 a6 45. axb5 axb5 46. g3 g6 47. Ke3 Ke5 48. Kd3 Kd5 49. h4 h5 50. Ke3 c4 0-1

[Event "Torino Province-ch"]
[Site "Torino"]
[Date "2010.02.16"]
[Round "2"]
[White "Stroppa, Daniel"]
[Black "Di Chiara, Mauro"]
[Result "1-0"]
[WhiteElo "2210"]
[BlackElo "1870"]
[PlyCount "37"]
[EventDate "2010.02.09"]
[EventType "swiss"]
[EventRounds "7"]
[EventCountry "ITA"]
[SourceTitle "EXT 2024"]
[Source "ChessBase"]
[SourceDate "2023.10.10"]
[SourceVersion "1"]
[SourceVersionDate "2023.10.10"]
[SourceQuality "1"]

1. e4 d6 2. d4 Nf6 3. Nc3 g6 4. Be3 Bg7 5. Qd2 0-0 6. 0-0-0 Nbd7 7. Bh6 Bxh6 8. Qxh6 c5 9. dxc5 Nxc5 10. f3 Be6 11. e5 Ne8 12. h4 Ng7 13. g4 Nd7 14. Nh3 Re8 15. Ng5 Nf8 16. h5 gxh5 17. Bd3 f5 18. Nxe6 Ngxe6 19. gxf5 1-0

[Event "Montigny le Bretonneux Noel op 12th"]
[Site "Montigny le Bretonneux"]
[Date "2009.12.27"]
[Round "3"]
[White "Danzanvilliers, Patrice"]
[Black "Stroppa, Daniel"]
[Result "0-1"]
[WhiteElo "1890"]
[BlackElo "2205"]
[PlyCount "44"]
[EventDate "2009.12.26"]
[EventType "swiss"]
[EventRounds "7"]
[EventCountry "FRA"]
[SourceTitle "EXT 2011"]
[Source "ChessBase"]
[SourceDate "2010.11.26"]
[SourceVersion "1"]
[SourceVersionDate "2010.11.26"]
[SourceQuality "1"]

1. e4 d6 2. d4 Nf6 3. Nc3 g6 4. Nf3 Bg7 5. Be2 0-0 6. h3 a6 7. a4 b6 8. Be3 Bb7 9. Nd2 Nc6 10. 0-0 e5 11. d5 Ne7 12. Ncb1 Nd7 13. c4 f5 14. Bg5 h6 15. Bxe7 Qxe7 16. Nc3 Nf6 17. Kh2 f4 18. g4 fxg3+ 19. fxg3 Bc8 20. Rf2 Ng4+ 21. hxg4 Rxf2+ 22. Kg1 Rf7 0-1

[Event "Pinerolo op"]
[Site "Pinerolo"]
[Date "2009.11.14"]
[Round "3"]
[White "Finocchiaro, Gianluca"]
[Black "Stroppa, Daniel"]
[Result "1/2-1/2"]
[WhiteElo "2065"]
[BlackElo "2208"]
[PlyCount "87"]
[EventDate "2009.11.13"]
[EventType "swiss"]
[EventRounds "5"]
[EventCountry "ITA"]
[SourceTitle "EXT 2012"]
[Source "ChessBase"]
[SourceDate "2011.11.24"]
[SourceVersion "1"]
[SourceVersionDate "2011.11.24"]
[SourceQuality "1"]

1. e4 d6 2. d4 Nf6 3. Nc3 g6 4. Nf3 Bg7 5. Be3 a6 6. a4 0-0 7. h3 b6 8. Bc4 e6 9. 0-0 Bb7 10. Bg5 h6 11. Bh4 g5 12. Bg3 Nxe4 13. Nxe4 Bxe4 14. Qe2 Bb7 15. c3 Nd7 16. Nh2 d5 17. Bb3 c5 18. Rad1 a5 19. Be5 Nxe5 20. dxe5 Ba6 21. c4 Qc7 22. Rfe1 dxc4 23. Bc2 Bb7 24. Qh5 f5 25. exf6 Rxf6 26. Ng4 Qf7 27. Nxf6+ Qxf6 28. Rd6 Rf8 29. Qe2 Bd5 30. Rxb6 Qf4 31. Qe3 Qh4 32. Qg3 Qxg3 33. fxg3 Bd4+ 34. Kh2 Rf2 35. Be4 Rxb2 36. Rd6 Bxe4 37. Rxe4 c3 38. Rdxe6 c2 39. Re8+ Kf7 40. R8e7+ Kg6 41. R7e6+ Bf6 42. Rc4 Kf7 43. Ra6 Bd4 44. Rxa5 1/2-1/2

[Event "Pinerolo op"]
[Site "Pinerolo"]
[Date "2009.11.14"]
[Round "2"]
[White "Stroppa, Daniel"]
[Black "Medaglia, Enzo"]
[Result "1-0"]
[WhiteElo "2208"]
[BlackElo "1748"]
[PlyCount "65"]
[EventDate "2009.11.13"]
[EventType "swiss"]
[EventRounds "5"]
[EventCountry "ITA"]
[SourceTitle "EXT 2012"]
[Source "ChessBase"]
[SourceDate "2011.11.24"]
[SourceVersion "1"]
[SourceVersionDate "2011.11.24"]
[SourceQuality "1"]

1. b3 Nf6 2. Bb2 d6 3. d4 g6 4. Nd2 Bg7 5. e4 0-0 6. Ngf3 Nbd7 7. g3 c5 8. Bg2 Rb8 9. 0-0 b5 10. Re1 Qc7 11. c4 a6 12. d5 Nb6 13. Qc2 bxc4 14. Nxc4 Nxc4 15. Qxc4 a5 16. e5 Ne8 17. Rac1 Qa7 18. Bc3 Nc7 19. exd6 exd6 20. Bxg7 Kxg7 21. Ng5 Rb4 22. Qc3+ Rd4 23. Nf3 Nxd5 24. Qb2 Be6 25. Red1 Kg8 26. Nxd4 cxd4 27. Rxd4 Ne7 28. Rxd6 Nf5 29. Rd2 h5 30. Qf6 Nh6 31. h3 Nf5 32. Qe5 Qe7 33. Qxa5 1-0

[Event "Pinerolo op"]
[Site "Pinerolo"]
[Date "2009.11.13"]
[Round "1"]
[White "Combina, Alberto"]
[Black "Stroppa, Daniel"]
[Result "0-1"]
[WhiteElo "1578"]
[BlackElo "2208"]
[PlyCount "72"]
[EventDate "2009.11.13"]
[EventType "swiss"]
[EventRounds "5"]
[EventCountry "ITA"]
[SourceTitle "EXT 2012"]
[Source "ChessBase"]
[SourceDate "2011.11.24"]
[SourceVersion "1"]
[SourceVersionDate "2011.11.24"]
[SourceQuality "1"]

1. d4 Nf6 2. Nf3 b5 3. c3 e6 4. Bf4 a5 5. a3 c5 6. dxc5 Bxc5 7. e3 Qb6 8. Nbd2 d5 9. Nb3 Nbd7 10. Nxc5 Nxc5 11. Bd3 0-0 12. 0-0 Ba6 13. Re1 Rfc8 14. Rc1 Nfe4 15. Bxe4 dxe4 16. Nd4 Nd3 17. Qg4 f5 18. Qg3 Ra7 19. Rf1 Nxc1 20. Rxc1 b4 21. axb4 axb4 22. h4 bxc3 23. Rxc3 Qxb2 24. Rxc8+ Bxc8 25. Be5 Qb1+ 26. Kh2 Qb7 27. Nxe6 Bxe6 28. Bxg7 Kf7 29. Bd4 Qc7 30. Be5 Qe7 31. Bd4 Rd7 32. Qg7+ Ke8 33. Qh8+ Qf8 34. Qe5 Qd6 35. f4 exf3 36. gxf3 Kf7 0-1

[Event "Montigny le Bretonneux Noel op 10th"]
[Site "Montigny le Bretonneux"]
[Date "2007.12.29"]
[Round "5"]
[White "Danzanvilliers, Patrice"]
[Black "Stroppa, Daniel"]
[Result "0-1"]
[WhiteElo "1882"]
[BlackElo "2223"]
[PlyCount "72"]
[EventDate "2007.12.26"]
[EventType "swiss"]
[EventRounds "7"]
[EventCountry "FRA"]
[SourceTitle "CBM 122 Extra"]
[Source "ChessBase"]
[SourceDate "2008.03.04"]
[SourceVersion "1"]
[SourceVersionDate "2008.03.04"]
[SourceQuality "1"]

1. e4 g6 2. d4 Bg7 3. Nf3 d6 4. Nc3 a6 5. a4 b6 6. Be3 Bb7 7. Bd3 Nd7 8. Qe2 h6 9. Rd1 e6 10. 0-0 Ne7 11. Rfe1 0-0 12. h3 Nf6 13. Nh2 d5 14. e5 Nd7 15. Ng4 Kh7 16. Qd2 Ng8 17. b4 c5 18. bxc5 bxc5 19. dxc5 Nxe5 20. Nxe5 Bxe5 21. Ne2 Bg7 22. c3 Qc7 23. f4 Nf6 24. Bd4 Nd7 25. Qe3 Rfc8 26. h4 Nxc5 27. h5 Nxd3 28. hxg6+ fxg6 29. Rxd3 Re8 30. Ng3 Bc6 31. Rd2 Bxa4 32. Bxg7 Qxg7 33. Rd4 Bb5 34. Qd2 Bc4 35. Qc2 Qf7 36. Nh5 a5 0-1

[Event "Montigny le Bretonneux Noel op 10th"]
[Site "Montigny le Bretonneux"]
[Date "2007.12.26"]
[Round "1"]
[White "Couronne, Patrice"]
[Black "Stroppa, Daniel"]
[Result "0-1"]
[WhiteElo "1828"]
[BlackElo "2223"]
[PlyCount "66"]
[EventDate "2007.12.26"]
[EventType "swiss"]
[EventRounds "7"]
[EventCountry "FRA"]
[SourceTitle "CBM 122 Extra"]
[Source "ChessBase"]
[SourceDate "2008.03.04"]
[SourceVersion "1"]
[SourceVersionDate "2008.03.04"]
[SourceQuality "1"]

1. b3 e5 2. Bb2 f6 3. e3 d5 4. c4 c6 5. cxd5 cxd5 6. Nc3 a6 7. g3 Nc6 8. Bg2 Be6 9. f4 e4 10. a3 f5 11. Nge2 Nf6 12. Rc1 Bd6 13. Na4 Qe7 14. b4 0-0 15. Nc5 Kh8 16. Nxe6 Qxe6 17. Nd4 Nxd4 18. Bxd4 a5 19. Bc5 axb4 20. axb4 Bxc5 21. bxc5 Rfc8 22. 0-0 d4 23. exd4 Qd5 24. Qe2 Qxd4+ 25. Qe3 Qd5 26. h3 Ra4 27. Rfd1 Rd4 28. Qc3 Nd7 29. Qa5 h6 30. Rc2 b6 31. Qa6 Rxc5 32. Rxc5 Qxc5 33. Qa2 Rxd2+ 0-1

[Event "Piemonte-ch"]
[Site "Turin"]
[Date "2005.04.27"]
[Round "7"]
[White "Stroppa, Daniel"]
[Black "Castaldo, Folco"]
[Result "1/2-1/2"]
[WhiteElo "2239"]
[BlackElo "2361"]
[PlyCount "75"]
[EventDate "2005.04.21"]
[EventType "swiss"]
[EventRounds "7"]
[EventCountry "ITA"]
[SourceTitle "EXT 2008"]
[Source "ChessBase"]
[SourceDate "2007.11.25"]
[SourceVersion "1"]
[SourceVersionDate "2007.11.25"]
[SourceQuality "1"]

1. d4 e6 2. Nf3 f5 3. d5 Bd6 4. Nc3 Nf6 5. dxe6 dxe6 6. e4 fxe4 7. Ng5 0-0 8. Bc4 Qe7 9. Ngxe4 Be5 10. Nxf6+ Qxf6 11. Ne4 Qg6 12. Ng3 Bxg3 13. hxg3 Qe4+ 14. Qe2 Qxg2 15. Rf1 Nc6 16. c3 Kh8 17. Bd3 Qf3 18. Qxf3 Rxf3 19. Be4 Rf7 20. Rh1 h6 21. Bxc6 bxc6 22. Be3 e5 23. 0-0-0 Be6 24. a3 Bd5 25. Rh4 a6 26. Rd2 a5 27. Bc5 Kh7 28. Ra4 Bb3 29. Re4 Re8 30. Bd4 Rfe7 31. Rde2 g5 32. Bxe5 Rd7 33. Re1 Red8 34. Rd4 c5 35. Rxd7+ Rxd7 36. f4 Kg6 37. g4 gxf4 38. Bxf4 1/2-1/2

[Event "Nichelino op 5th"]
[Site "Nichelino"]
[Date "2004.10.10"]
[Round "5"]
[White "Stroppa, Daniel"]
[Black "Kidane, Robel"]
[Result "1-0"]
[WhiteElo "2219"]
[BlackElo "2095"]
[PlyCount "125"]
[EventDate "2004.10.07"]
[EventType "swiss"]
[EventRounds "6"]
[EventCountry "ITA"]
[SourceTitle "EXT 2009"]
[Source "ChessBase"]
[SourceDate "2008.11.26"]
[SourceVersion "1"]
[SourceVersionDate "2008.11.26"]
[SourceQuality "1"]

1. d4 Nf6 2. Nc3 g6 3. Nf3 d5 4. Bf4 Bg7 5. e3 0-0 6. Be2 c5 7. Ne5 Nc6 8. 0-0 cxd4 9. exd4 Bf5 10. Re1 Rc8 11. Nxc6 Rxc6 12. a4 a6 13. a5 Ne4 14. Nxe4 Bxe4 15. c3 Bf5 16. Bf3 Be6 17. Qb3 Qd7 18. Ra4 Rfc8 19. Rb4 Bg4 20. Rxb7 Qf5 21. Bxg4 Qxf4 22. Bf3 e6 23. Be2 Qd6 24. Bf1 Bf8 25. Re3 Ra8 26. Rf3 Rc7 27. Rb6 Rc6 28. Rb7 Rc7 29. g3 Be7 30. Rb8+ Rc8 31. Rxc8+ Rxc8 32. Qa4 Qc6 33. Qd1 Qb7 34. b4 Rc6 35. Qd3 Bd8 36. h4 h5 37. Bh3 f5 38. Re3 Qc8 39. f4 Bf6 40. Bg2 Rxc3 41. Qe2 Rxe3 42. Qxe3 Kf7 43. Kh2 Qc4 44. Qa3 Bxd4 45. Qa4 Ke7 46. Qa3 Bc3 47. b5+ Bb4 48. Qa1 Qxb5 49. Qg7+ Kd6 50. Qxg6 d4 51. Qxh5 d3 52. Qd1 d2 53. Bf3 Qc5 54. Qe2 Qxa5 55. h5 Qa1 56. h6 Qh8 57. Qxa6+ Kc5 58. Qxe6 Kd4 59. Qe5+ Qxe5 60. fxe5 Ke3 61. Bd1 Bc3 62. e6 Bf6 63. h7 1-0

[Event "Nichelino op 5th"]
[Site "Nichelino"]
[Date "2004.10.08"]
[Round "2"]
[White "Faraoni, Enrico"]
[Black "Stroppa, Daniel"]
[Result "0-1"]
[WhiteElo "2162"]
[BlackElo "2219"]
[PlyCount "121"]
[EventDate "2004.10.07"]
[EventType "swiss"]
[EventRounds "6"]
[EventCountry "ITA"]
[SourceTitle "EXT 2009"]
[Source "ChessBase"]
[SourceDate "2008.11.26"]
[SourceVersion "1"]
[SourceVersionDate "2008.11.26"]
[SourceQuality "1"]

1. e4 d6 2. d4 Nf6 3. Nc3 g6 4. f4 Bg7 5. Nf3 c5 6. dxc5 Qa5 7. Bd3 Qxc5 8. Qe2 Bg4 9. Be3 Qa5 10. 0-0 0-0 11. h3 Bxf3 12. Qxf3 Nc6 13. a3 Nd7 14. Bd2 Qd8 15. Kh1 Nc5 16. Rab1 a6 17. Ne2 Na4 18. Qg3 Nxb2 19. f5 b5 20. f6 Bxf6 21. Rxf6 Nxd3 22. cxd3 exf6 23. Nf4 f5 24. Nd5 f6 25. exf5 g5 26. Re1 Ne5 27. d4 Nc4 28. Re7 Kh8 29. Qg4 Rg8 30. Qe2 Rg7 31. Re6 Nxd2 32. Qxd2 Rf7 33. h4 Qf8 34. hxg5 fxg5 35. f6 Re8 36. Rxe8 Qxe8 37. Qxg5 Qe6 38. Qh5 Rxf6 39. Nxf6 Qxf6 40. Qe8+ Kg7 41. Qd7+ Kh6 42. Qh3+ Kg7 43. Qg4+ Kf7 44. Qd7+ Qe7 45. Qf5+ Kg7 46. Qg4+ Kf8 47. Qc8+ Qe8 48. Qf5+ Kg7 49. Qg4+ Qg6 50. Qd7+ Kh6 51. Kg1 Qf6 52. Qh3+ Kg6 53. Qg4+ Kh6 54. Qh3+ Kg5 55. Qe3+ Kf5 56. Qd3+ Ke6 57. d5+ Ke5 58. Qxh7 Qg5 59. Qh8+ Qf6 60. Qh2+ Qf4 61. g3 0-1

[Event "ITA-ch sf"]
[Site "San Martino di Castrozza"]
[Date "2003.07.27"]
[Round "7"]
[White "Cocchi, Andrea"]
[Black "Stroppa, Daniel"]
[Result "1-0"]
[WhiteElo "2311"]
[BlackElo "2279"]
[PlyCount "77"]
[EventDate "2003.06.21"]
[EventType "swiss"]
[EventRounds "9"]
[EventCountry "ITA"]
[SourceTitle "EXT 2005"]
[Source "ChessBase"]
[SourceDate "2004.11.15"]
[SourceVersion "1"]
[SourceVersionDate "2004.11.15"]
[SourceQuality "1"]

1. g3 d5 2. Bg2 e5 3. d3 Nc6 4. Nd2 Nf6 5. c3 Bd6 6. e4 dxe4 7. dxe4 Be6 8. Ngf3 h6 9. 0-0 0-0 10. Qe2 Qd7 11. Nc4 Bh3 12. Nh4 Bxg2 13. Kxg2 Rfd8 14. Rd1 Qe6 15. f3 Bf8 16. Bd2 Rd7 17. b3 Rad8 18. Nf5 Kh7 19. Be1 Rxd1 20. Rxd1 Rxd1 21. Qxd1 Qd7 22. Qe2 b5 23. Nd2 Nd8 24. Bf2 g6 25. Ne3 Ne6 26. b4 Kg7 27. Nb3 c5 28. a3 c4 29. Na5 a6 30. a4 Nd8 31. axb5 axb5 32. Qd1 Qxd1 33. Nxd1 Nd7 34. Ba7 Bd6 35. Ne3 Kf6 36. Nc2 Ne6 37. Nc6 Nc7 38. Be3 h5 39. Na3 1-0

[Event "ITA-ch sf"]
[Site "San Martino di Castrozza"]
[Date "2003.06.25"]
[Round "5"]
[White "Rossato, Armando"]
[Black "Stroppa, Daniel"]
[Result "0-1"]
[WhiteElo "2192"]
[BlackElo "2279"]
[PlyCount "62"]
[EventDate "2003.06.21"]
[EventType "swiss"]
[EventRounds "9"]
[EventCountry "ITA"]
[SourceTitle "EXT 2005"]
[Source "ChessBase"]
[SourceDate "2004.11.15"]
[SourceVersion "1"]
[SourceVersionDate "2004.11.15"]
[SourceQuality "1"]

1. e4 c6 2. d4 d5 3. Nc3 dxe4 4. Bc4 Nf6 5. f3 exf3 6. Nxf3 Bf5 7. 0-0 e6 8. Bg5 Nbd7 9. Qd2 Bd6 10. Rae1 Qc7 11. d5 cxd5 12. Nb5 Qb6+ 13. Kh1 0-0 14. Nxd6 Qxd6 15. Bd3 Bxd3 16. cxd3 Ne8 17. Nd4 Nc7 18. Rf3 f6 19. Bf4 e5 20. Nf5 Qe6 21. Bh6 gxh6 22. Qxh6 Rf7 23. Rg3+ Kh8 24. Rg7 Nf8 25. Rf1 Ne8 26. Rg4 Nd6 27. Nxd6 Qxd6 28. Rf3 Qe7 29. Rfg3 Ne6 30. h4 Rg7 31. Rxg7 Nxg7 0-1

[Event "ITA-ch sf"]
[Site "San Martino di Castrozza"]
[Date "2003.06.23"]
[Round "3"]
[White "Sorcinelli, Francesco"]
[Black "Stroppa, Daniel"]
[Result "1/2-1/2"]
[WhiteElo "1962"]
[BlackElo "2279"]
[PlyCount "105"]
[EventDate "2003.06.21"]
[EventType "swiss"]
[EventRounds "9"]
[EventCountry "ITA"]
[SourceTitle "EXT 2005"]
[Source "ChessBase"]
[SourceDate "2004.11.15"]
[SourceVersion "1"]
[SourceVersionDate "2004.11.15"]
[SourceQuality "1"]

1. e4 c5 2. Nf3 e6 3. Nc3 a6 4. g3 b5 5. Bg2 Bb7 6. d3 d6 7. 0-0 Be7 8. Re1 Nd7 9. b3 Ngf6 10. Bb2 0-0 11. Qe2 Re8 12. Ng5 h6 13. Nh3 Nb8 14. e5 Bxg2 15. exf6 Bxh3 16. fxe7 Qxe7 17. Qh5 Bf5 18. Nd5 Qd8 19. Ne3 Bg6 20. Qg4 Nd7 21. f4 d5 22. f5 exf5 23. Nxf5 d4 24. Nh4 Nf6 25. Qf3 Bh5 26. Qf5 Qd5 27. Qf4 b4 28. Nf5 Qd7 29. Nxh6+ Kh7 30. Nf5 Bg4 31. Nxg7 Nd5 32. Nxe8 Rxe8 33. Qg5 Ne3 34. Qxc5 Qb7 35. Rxe3 dxe3 36. Qd4 f5 37. Re1 Qe7 38. Bc1 e2 39. Qf4 Qc5+ 40. d4 Qb6 41. Qf2 Qc6 42. h3 Bf3 43. Bf4 Qe4 44. Be5 Kg6 45. Kh2 Rc8 46. g4 fxg4 47. Qh4 Rc6 48. Qh8 Kf7 49. Qg7+ Ke8 50. Qg8+ Ke7 51. Qg7+ Ke8 52. Qg8+ Ke7 53. Qg7+ 1/2-1/2

[Event "Yvelines-ch"]
[Site "Fontenay le Fleury"]
[Date "2003.02.09"]
[Round "3.3"]
[White "Le Ray, Olivier"]
[Black "Stroppa, Daniel"]
[Result "0-1"]
[WhiteElo "1900"]
[BlackElo "2273"]
[PlyCount "68"]
[EventDate "2003.02.17"]
[EventType "swiss"]
[EventRounds "7"]
[EventCountry "FRA"]
[SourceTitle "EXT 2004"]
[Source "ChessBase"]
[SourceDate "2003.11.25"]
[SourceVersion "1"]
[SourceVersionDate "2003.11.25"]
[SourceQuality "1"]

1. e4 Nc6 2. Nc3 d6 3. Bc4 Nf6 4. d3 Na5 5. f4 Nxc4 6. dxc4 c6 7. Nf3 Qb6 8. Qd3 g6 9. a3 Bg7 10. Be3 Qc7 11. 0-0-0 a6 12. Rhe1 0-0 13. Qd2 b5 14. c5 dxc5 15. Bxc5 a5 16. h3 b4 17. Na4 Ba6 18. axb4 axb4 19. Nb6 Rab8 20. e5 Rfd8 21. Qxb4 Nd5 22. Nxd5 cxd5 23. Qd4 Rdc8 24. b4 e6 25. Rd2 Bf8 26. Bxf8 Kxf8 27. Ng5 h6 28. Nh7+ Kg7 29. Nf6 Qc4 30. Re3 Qf1+ 31. Kb2 Rc4 32. Qa7 Rbxb4+ 33. Rb3 Rxb3+ 34. Kxb3 Qb1+ 0-1

[Event "Yvelines-ch"]
[Site "Fontenay le Fleury"]
[Date "2003.02.09"]
[Round "4.3"]
[White "Stroppa, Daniel"]
[Black "Duffau, Pascal"]
[Result "1-0"]
[WhiteElo "2273"]
[BlackElo "2104"]
[PlyCount "103"]
[EventDate "2003.02.17"]
[EventType "swiss"]
[EventRounds "7"]
[EventCountry "FRA"]
[SourceTitle "EXT 2004"]
[Source "ChessBase"]
[SourceDate "2003.11.25"]
[SourceVersion "1"]
[SourceVersionDate "2003.11.25"]
[SourceQuality "1"]

1. d4 d5 2. Nf3 Nf6 3. e3 c6 4. Bd3 Bg4 5. c4 e6 6. Qb3 Qb6 7. Qxb6 axb6 8. Ne5 Bh5 9. Nc3 Be7 10. f3 Bg6 11. Nxg6 hxg6 12. e4 dxc4 13. Bxc4 Nbd7 14. Be3 0-0 15. 0-0 b5 16. Bb3 e5 17. Ne2 exd4 18. Nxd4 Nc5 19. Bc2 Rfd8 20. Rfd1 Rd7 21. Nb3 Na4 22. Rxd7 Nxd7 23. Rd1 Nf6 24. Bc1 Rd8 25. Rxd8+ Bxd8 26. Kf1 Nd7 27. Nd2 Bf6 28. Bxa4 bxa4 29. Nc4 Ne5 30. Nxe5 Bxe5 31. f4 Bd6 32. g3 f6 33. Ke2 Kf7 34. Kd3 Ke6 35. Bd2 b5 36. b3 axb3 37. axb3 c5 38. Bc3 Bc7 39. Ke3 Bd6 40. h4 Bc7 41. g4 Bb6 42. Kf3 Bc7 43. f5+ gxf5 44. exf5+ Kd5 45. g5 fxg5 46. h5 Kd6 47. f6 Ke6 48. fxg7 Kf7 49. h6 Kg8 50. Kg4 Bf4 51. Kf5 Kh7 52. Kf6 1-0

[Event "Montigny le Bretonneux Noel op 05th"]
[Site "Montigny le Bretonneux"]
[Date "2002.12.30"]
[Round "6.1"]
[White "Stroppa, Daniel"]
[Black "Lallemand, Roza"]
[Result "1/2-1/2"]
[WhiteElo "2274"]
[BlackElo "2301"]
[PlyCount "30"]
[EventDate "2002.12.??"]
[EventType "swiss"]
[EventRounds "7"]
[EventCountry "FRA"]
[SourceTitle "EXT 2004"]
[Source "ChessBase"]
[SourceDate "2003.11.25"]
[SourceVersion "1"]
[SourceVersionDate "2003.11.25"]
[SourceQuality "1"]

1. d4 d6 2. e4 Nf6 3. Nc3 g6 4. Be3 Bg7 5. f3 c6 6. Qd2 b5 7. 0-0-0 b4 8. Nce2 Qa5 9. Kb1 Nbd7 10. Nc1 0-0 11. h4 e5 12. dxe5 dxe5 13. Nb3 Qa4 14. Nc5 Qa5 15. Nb3 Qa4 1/2-1/2

[Event "FRA-chT2S 0203"]
[Site "France"]
[Date "2002.11.16"]
[Round "2.6"]
[White "Stroppa, Daniel"]
[Black "Cappon, John"]
[Result "1-0"]
[WhiteElo "2274"]
[BlackElo "2175"]
[PlyCount "57"]
[EventDate "2002.10.??"]
[EventType "team-tourn"]
[EventRounds "11"]
[EventCountry "FRA"]
[SourceTitle "EXT 2004"]
[Source "ChessBase"]
[SourceDate "2003.11.25"]
[SourceVersion "1"]
[SourceVersionDate "2003.11.25"]
[SourceQuality "1"]
[WhiteTeam "Clichy II"]
[BlackTeam "Cappelle la Grande"]
[WhiteTeamCountry "FRA"]
[BlackTeamCountry "FRA"]

1. d4 d5 2. Nf3 Nf6 3. e3 Bf5 4. c4 e6 5. Qb3 b6 6. Ne5 c6 7. Be2 Bd6 8. Nc3 Bxe5 9. dxe5 Nfd7 10. f4 0-0 11. 0-0 Nc5 12. Qd1 dxc4 13. Bxc4 b5 14. Be2 Qb6 15. b4 Nd3 16. g4 Nxc1 17. Qxc1 Bg6 18. f5 c5 19. Bf3 Bxf5 20. Bxa8 cxb4 21. Ne2 Bd3 22. Qd2 Rd8 23. Rfd1 Na6 24. Bg2 Nc5 25. Nf4 b3 26. Nxd3 Rxd3 27. Qe2 b2 28. Qxb2 Rxe3 29. Qd4 1-0